000 00509nam a2200145Ia 4500
008 100204s9999 xx 000 0 und d
082 _b9537
100 _aपै शिरिष
245 _aवडिलांच्या सेवेसी
260 _b"डिंंंंप्ंाल पब्लिकेशन, वसई"
_c1987
300 _a201
630 _aवडिलांच्या सेवेसी
730 _aवडिलांच्या सेवेसी
942 _cBOOK
999 _c453973
_d453970